Score 0/10 Timer 02:00
13 Plays Today
Number of Letters Last Name % Correct
6Potter
98.8%
7Weasley
97.4%
10Dumbledore
94.1%
5Snape
91.2%
8Delacour
69.8%
9Pettigrew
63.5%
4Krum
49.9%
11Shacklebolt
24.5%
12Grubbly-Plank
19.5%
14Finch-Fletchley
12.8%
Remove Ads.
Support Sporcle.
Get the best of Sporcle when you Go Orange. This ad-free experience offers more features, more stats, and more fun while also helping to support Sporcle. Thank you for becoming a member.

You're not logged in!

Compare scores with friends on all Sporcle quizzes.
OR
Log In

Show Comments

Extras

Top Quizzes Today


Score Distribution

Your Account Isn't Verified!

In order to create a playlist on Sporcle, you need to verify the email address you used during registration. Go to your Sporcle Settings to finish the process.

Report this User

Report this user for behavior that violates our Community Guidelines.

Details: